01000 2200277 4500001002100000005001500021035002000036007000300056008004100059020002200100082001200122084001800134100002500152245001600177250001400193300004400207650002300251700003200274520028300306264003700589336002100626337003000647338002300677990001100700990001100711INLIS00000000002224420241212090822 a0010-1224000038ta241212 a 0 ind  a978-623-6213-14-8 aA 590.3 aA 590.3 EKO h0 aEko UtoroePengarang1 aHewan Jinak aCetakan 1 a24 halaman :bilustrasi [warna] ;c20cm 4aEnsiklopedia Hewan0 aSulistyo WibowoePenyunting aBuku ini membahas jenis nama hewan jinak, Tampil dengan ilustrasi full color, Yang tentunya akan menarik minat kalian untuk terus belajar, Dilengkapi dengan fakta unik masing-masing hewan yang mungkin belum kalian ketahui sebelumnya, Ada juga aktifitas kreatif yang menyenangkan aSurakarta :bVisi Mandiri,c2021 2rdacontentateks 2rdamediaaTanpa Perantara 2rdacarrieraLembar a077324 a077325